<?xml version="1.0" encoding="UTF-8"?>
<collection xmlns="http://www.loc.gov/MARC21/slim">
    <record>
        <controlfield tag="001">2035</controlfield>
        <controlfield tag="005">20190219081245.0</controlfield>
        <datafield tag="037" ind1=" " ind2=" ">
            <subfield code="a">INPRO--2009-052</subfield>
        </datafield>
        <datafield tag="041" ind1=" " ind2=" ">
            <subfield code="a">spa</subfield>
        </datafield>
        <datafield tag="100" ind1=" " ind2=" ">
            <subfield code="a">Royo, José Alberto</subfield>
        </datafield>
        <datafield tag="245" ind1=" " ind2=" ">
            <subfield code="a">Uso de Agentes Móviles para la Búsqueda y Recuperación de Información Bibliográfica</subfield>
        </datafield>
        <datafield tag="260" ind1=" " ind2=" ">
            <subfield code="c">2001-10-01</subfield>
        </datafield>
        <datafield tag="300" ind1=" " ind2=" ">
            <subfield code="a">mult. p</subfield>
        </datafield>
        <datafield tag="520" ind1=" " ind2=" ">
            <subfield code="a">El número de sistemas de búsqueda y recuperación de información aumenta cada día. Aunque la mayor parte de las aproximaciones siguen técnicas basadas en una arquitectura cliente/servidor, uno de los inconvenientes es la dependencia de la fiabilidad de la red. En este artículo presentamos una aproximación basada en agentes móviles, que permite analizar diferentes depósitos de datos, así como mantener la consistencia de sistemas de publicaciones distribuidos. Nuestra aproximación tiene la ventaja de optimizar el uso de la red y de ser robusta frente a desconexiones del cliente.</subfield>
        </datafield>
        <datafield tag="540" ind1=" " ind2=" ">
            <subfield code="9">info:eu-repo/semantics/openAccess</subfield>
            <subfield code="a">Esta obra está sujeta a una licencia de uso Creative Commons. Se permite la reproducción total o parcial, la distribución, la comunicación pública de la obra y la creación de obras derivadas, siempre que no sea con finalidades comerciales, y sempre que se reconzca la autoria de la obra original.</subfield>
            <subfield code="u">https://creativecommons.org/licenses/by-nc/4.0/</subfield>
        </datafield>
        <datafield tag="653" ind1="1" ind2=" ">
            <subfield code="a">Digital Libraries</subfield>
        </datafield>
        <datafield tag="653" ind1="1" ind2=" ">
            <subfield code="a">Mobile Agents</subfield>
        </datafield>
        <datafield tag="653" ind1="1" ind2=" ">
            <subfield code="a">Distributed Information Systems (SID)</subfield>
        </datafield>
        <datafield tag="700" ind1=" " ind2=" ">
            <subfield code="a">Mena Nieto, Eduardo</subfield>
        </datafield>
        <datafield tag="856" ind1="0" ind2=" ">
            <subfield code="f">joalroyo@unizar.es</subfield>
        </datafield>
        <datafield tag="856" ind1="4" ind2=" ">
            <subfield code="s">257797</subfield>
            <subfield code="u">http://zaguan.unizar.es/record/2035/files/INPRO--2009-052.pdf</subfield>
            <subfield code="z">Archivo asociado</subfield>
        </datafield>
        <datafield tag="910" ind1="2" ind2=" ">
            <subfield code="a">Lenguajes y sistemas informáticos</subfield>
            <subfield code="b">Informática e Ingeniería de Sistemas</subfield>
        </datafield>
        <datafield tag="980" ind1=" " ind2=" ">
            <subfield code="a">PREPRINT</subfield>
        </datafield>
    </record>

    
</collection>